| 000 | 00636pab a2200205 454500 | ||
|---|---|---|---|
| 008 | 180718b1993 xxu||||| |||| 00| 0 eng d | ||
| 100 | _aRagoonath, Bishnu | ||
| 245 | _aShifting nature of decentralisation: A review of the evolution of local government in Trinidad and Tobago | ||
| 260 | _c1993 | ||
| 300 | _ap.685-700. | ||
| 362 | _aOct-Dec | ||
| 650 | _aDecentralization - Tobago | ||
| 650 | _aDecentralization - Trinidad | ||
| 650 | _aLocal government - Tobago | ||
| 650 | _aLocal government - Trinidad | ||
| 650 | _aLocal government | ||
| 773 | _aIndian Journal of Public Administration | ||
| 908 | _aN | ||
| 909 | _a89157 | ||
| 999 |
_c89157 _d89157 |
||